| 000 | 00702nam a2200193 4500 | ||
|---|---|---|---|
| 008 | 171205b xxu||||| |||| 00| 0 eng d | ||
| 020 | _a0874349168 | ||
| 082 |
_21998 _aDC 614.44 _bSa1 |
||
| 110 |
_924088 _aSpringhouse Corporation. |
||
| 245 | _aSafety and infection control. | ||
| 260 |
_aSpringhouse, Pa. : _bSpringhouse Corporation, _c ©1998 |
||
| 300 |
_avi, 282 pages : _b illustrations ; _c 21 cm |
||
| 500 | _aIncludes bibliographical references and index. | ||
| 650 | 0 |
_924097 _a Nosocomial infections _xPrevention |
|
| 650 | 0 |
_924112 _a Health facilities _xSafety measures |
|
| 650 | 0 |
_924114 _aInfection Control _xmethods |
|
| 650 | 0 |
_924116 _aSafety Management _xmethods |
|
| 942 |
_2ddc _cDC |
||
| 999 |
_c7887 _d7887 |
||